[Event "GER-chT U16 Girls"]
[Site "Neumuenster"]
[Date "2022.12.29"]
[Round "5"]
[White "Bone, Annalena"]
[Black "Ahrens, Merle"]
[Result "1-0"]
[WhiteElo "1348"]
[BlackElo "1072"]
[PlyCount "41"]
[EventDate "2022.12.26"]
[EventType "team-swiss"]
[EventRounds "7"]
[EventCountry "GER"]
[SourceTitle "CBM 212 Extra"]
[Source "ChessBase"]
[SourceDate "2023.03.31"]
[SourceVersion "1"]
[SourceVersionDate "2023.03.31"]
[SourceQuality "1"]
[WhiteTeam "Raesfeld Erle"]
[BlackTeam "Elmshorn"]
[WhiteTeamCountry "GER"]
[BlackTeamCountry "GER"]

1. e4 e6 2. d4 d5 3. e5 c5 4. dxc5 Bxc5 5. Bb5+ Nc6 6. Nf3 Nge7 7. 0-0 0-0 8. c3 a6 9. Bd3 Qc7 10. Bf4 Ng6 11. Bg3 Ncxe5 12. Nxe5 Bd6 13. Nxg6 fxg6 14. Bxd6 Qxd6 15. c4 Bd7 16. Nc3 d4 17. Ne4 Qc6 18. Qe2 a5 19. a4 b6 20. Ng3 e5 21. Be4 1-0

[Event "GER-chT U16 Girls"]
[Site "Neumuenster"]
[Date "2022.12.27"]
[Round "2"]
[White "Sinner, Joselyne"]
[Black "Ahrens, Merle"]
[Result "1/2-1/2"]
[WhiteElo "1450"]
[BlackElo "1072"]
[PlyCount "78"]
[EventDate "2022.12.26"]
[EventType "team-swiss"]
[EventRounds "7"]
[EventCountry "GER"]
[SourceTitle "CBM 212 Extra"]
[Source "ChessBase"]
[SourceDate "2023.03.31"]
[SourceVersion "1"]
[SourceVersionDate "2023.03.31"]
[SourceQuality "1"]
[WhiteTeam "Porz SG"]
[BlackTeam "Elmshorn"]
[WhiteTeamCountry "GER"]
[BlackTeamCountry "GER"]

1. e4 d5 2. exd5 Qxd5 3. Nc3 Qa5 4. d4 c6 5. Bc4 Bf5 6. Bd2 e6 7. a3 Bd6 8. Ne4 Qc7 9. Nxd6+ Qxd6 10. Bb4 Qd8 11. Nf3 a5 12. Bc3 b5 13. Bd3 Bxd3 14. Qxd3 Ne7 15. 0-0 Nd5 16. Bd2 Nd7 17. b3 0-0 18. c4 Nc7 19. Qe4 Ra6 20. Qg4 Nf6 21. Qh4 Qe7 22. Ne5 c5 23. Bxa5 Qd6 24. cxb5 Nxb5 25. Nc4 Qxd4 26. Qxd4 Nxd4 27. Bc3 Nxb3 28. Rad1 Ra4 29. Rb1 Rxc4 30. Rxb3 Nd5 31. Be5 Ra4 32. Bd6 Rc8 33. Bxc5 h6 34. Rc1 Ra5 35. Be3 Rca8 36. Bc5 g5 37. Bd6 Kg7 38. Rd1 R8a6 39. Be5+ Kg6 1/2-1/2

[Event "GER-ch U25-C"]
[Site "Willingen"]
[Date "2018.05.22"]
[Round "4"]
[White "Ahrens, Merle"]
[Black "Wagner, Xaver"]
[Result "1-0"]
[WhiteElo "1008"]
[BlackElo "1127"]
[PlyCount "53"]
[EventDate "2018.05.19"]
[EventType "swiss"]
[EventRounds "9"]
[EventCountry "GER"]
[SourceTitle "CBM 184 Extra"]
[Source "ChessBase"]
[SourceDate "2018.06.28"]
[SourceVersion "1"]
[SourceVersionDate "2018.06.28"]
[SourceQuality "1"]

1. d4 d5 2. e3 e6 3. f4 Bb4+ 4. Bd2 Bxd2+ 5. Nxd2 Nf6 6. c4 Nc6 7. Ngf3 0-0 8. Bd3 Qe7 9. 0-0 Nb4 10. Qb3 Nxd3 11. Qxd3 Qb4 12. Rab1 Nd7 13. a3 Qa4 14. c5 Qc6 15. b4 Nf6 16. b5 Qd7 17. Ne5 Qe7 18. a4 Bd7 19. a5 c6 20. bxc6 bxc6 21. a6 Rab8 22. Nb3 Qd8 23. Rf2 Be8 24. Ra2 Nd7 25. Nxc6 Qc8 26. Ne7+ Kh8 27. Nxc8 1-0